Mengapa harimau belang

Bibliographic Details
Main Author: Farida bt. Mohd
Format: Book
Published: Johor Bahru : Penerbit Pelangi Sdn. Bhd , 2000
Series:Siri burung pungguk
Subjects:

MARC

LEADER 00000cam a2200000 7i4500
001 0000033322
005 20220105104106.0
008 120918
020 |a 9835030731 
090 0 0 |a JP   |b MOR MAL 
100 0 |a Farida bt. Mohd 
245 0 0 |a Mengapa harimau belang   |c Farida bt. Mohd 
260 |a Johor Bahru :   |b Penerbit Pelangi Sdn. Bhd ,   |c 2000 
440 |a Siri burung pungguk 
500 |a Children age 4-6 years old (yellow) 
650 0 |a Moral stories, Malay 
999 |a 0001158004   |b Book   |c Children Collection   |e Perbadanan Perpustakaan Awam Johor 
999 |a 0001158005   |b Book   |c Children Collection   |e Cawangan Bandar Tenggara